Who Will Bell the Cat? : Strategy Nirman Va Kriyanvayan Ke Liye Manager Ki Toolkit.

Bibliographic Details
Main Author: Siddiqui, Moid.
Format: eBook
Language:Hindi
Published: New Delhi : SAGE Publications India Pvt, Ltd., 2015.
Edition:1st ed.
Subjects:
Online Access:Click to View
LEADER 04424nam a22003613i 4500
001 EBC6185296
003 MiAaPQ
005 20231204023214.0
006 m o d |
007 cr cnu||||||||
008 231204s2015 xx o ||||0 hin d
020 |a 9789353884314  |q (electronic bk.) 
020 |z 9789351506027 
035 |a (MiAaPQ)EBC6185296 
035 |a (Au-PeEL)EBL6185296 
035 |a (OCoLC)1153081703 
040 |a MiAaPQ  |b eng  |e rda  |e pn  |c MiAaPQ  |d MiAaPQ 
100 1 |a Siddiqui, Moid. 
245 1 0 |a Who Will Bell the Cat? :  |b Strategy Nirman Va Kriyanvayan Ke Liye Manager Ki Toolkit. 
250 |a 1st ed. 
264 1 |a New Delhi :  |b SAGE Publications India Pvt, Ltd.,  |c 2015. 
264 4 |c ©2015. 
300 |a 1 online resource (216 pages) 
336 |a text  |b txt  |2 rdacontent 
337 |a computer  |b c  |2 rdamedia 
338 |a online resource  |b cr  |2 rdacarrier 
505 0 |a Intro -- हू विल बैल द कैट -- कॉपीराइट -- विषय सूची -- परिचय -- भाग - I विकसित व्यावसायिक रणनीतियाँ (बिल्ली के गले में घंटी बांधे!) -- 1.1 मूल को चुनौती देने का साहस -- 1.2 तीन 'c' का रणनीतिक त्रिकोण -- 1.3 'वर्क स्मार्ट' के लिए स्मार्ट रणनीतियां -- 1.4 प्रतियोगिता में जीत के लिए असाधारण रणनीतियां -- 1.5 आगे बने रहने के लिए अग्रसक्रिय रणनीतियां -- 1.6 एक सार्थक विज़न बांटें -- 1.7 'पंचतंत्र' की रणनीतियां -- 1.8 उपयुक्त रणनीतियां -- भाग - II स्ट्रेटजिक प्रबंधन तकनीकें (बिल्ली के गले में घंटी कैसे बांधे?) -- 2.1 रणनीति निर्माण के लिए रचनात्मक कौशल -- 2.2 रणनीतिपरक विचार पैदा करना -- भाग - III उचित व्यक्ति खोजें (बिल्ली के गले में घंटी कौन बांधेगा?) -- 3.1 वृद्धि में सहायक व्यक्ति खोजें -- 3.2 स्ट्रेटजिक प्रबंधन के पाँच कर्ता -- भाग - IV व्यक्तियों की क्षमताएँ विकसित करें (लोगों को बिल्ली के गले में घंटी बांधने योग्य बनाएँ) -- 4.1 दस अनिवार्य क्षमताएँ विकसित करें -- 4.2 उपयुक्त व्यक्ति विकसित करें -- 4.3 क्रियान्वयन संस्कृति विकसित करें -- भाग - V पंक्तिबद्ध व क्रियान्वित होना (वाह, बिल्ली के गले में घंटी बंध गई!) -- 5.1 बिल्ली के गले में घंटी बांधने के लिए क्रियान्वयन मॉडल -- 5.2 संतुलित रणनीतियां -- 5.3 परिचालन प्रक्रियाएं -- 5.4 रणनीतिक व्यक्ति -- 5.5 समुचित क्रियान्वयन के लिए 'फिनीशिएटिव' -- 5.6 आप- एक योद्धा -- चूहेदानी- आखिरी टिप!. 
588 |a Description based on publisher supplied metadata and other sources. 
590 |a Electronic reproduction. Ann Arbor, Michigan : ProQuest Ebook Central, 2023. Available via World Wide Web. Access may be limited to ProQuest Ebook Central affiliated libraries.  
655 4 |a Electronic books. 
776 0 8 |i Print version:  |a Siddiqui, Moid  |t Who Will Bell the Cat?  |d New Delhi : SAGE Publications India Pvt, Ltd.,c2015  |z 9789351506027 
797 2 |a ProQuest (Firm) 
856 4 0 |u https://ebookcentral.proquest.com/lib/matrademy/detail.action?docID=6185296  |z Click to View